Statistics for Singer Nicknames

Click here to take the quiz!

General Stats

  • This quiz has been taken 57 times
  • The average score is 11 of 20

Answer Stats

NicknameSinger% Correct
Material GirlMadonna
98%
The King of Rock 'n' RollElvis Presley
95%
Piano ManBilly Joel
82%
The Purple OnePrince
82%
Queen BBeyonce
75%
Ziggy StardustDavid Bowie
73%
The Queen of SoulAretha Franklin
70%
JTJustin Timberlake
66%
The Man in BlackJohnny Cash
64%
The Prince of DarknessOzzy Osbourne
64%
Ri RiRihanna
61%
BabsBarbra Streisand
52%
Queen of DiscoDonna Summer
50%
NippyWhitney Houston
41%
DunkJanet Jackson
36%
The VoiceMariah Carey
30%
ZimmyBob Dylan
20%
Queen of ComebacksCher
18%
Jewish ElvisNeil Diamond
18%
KnobbyGeorge Michael
16%

Score Distribution

Percentile by Number Answered

Percent of People with Each Score

Your Score History

You have not taken this quiz